000 00605nam a22001937a 4500
999 _c8091
_d8091
003 AR-CdUCM
008 190322b ||||| |||| 00| 0 spa d
040 _aMUNICIPALIDAD PROVINCIAL DEL CUSCO
_cBIBLIOTECA MUNICIPAL DEL CUSCO
082 _25ed.
_a928 /
_bM27
100 _aMaseras, Alfonso
_922855
245 _aVida de Dante /
260 _aBarcelona :
_bSeix y barral hno.,
_c1952.
300 _a101 páginas ;
_bilustraciones ; láminas ;
_c18 cm.
440 _aVidas de grandes hombres.
_922856
650 _aBiografías
_9148
650 _aDante Alighieri
_9325
942 _2ddc
_cLIBROS
945 _azta